| 000 | 006620000a22001810004500 | ||
|---|---|---|---|
| 003 | MACL | ||
| 005 | 20160526132048.0 | ||
| 008 | 160526b xxu||||| |||| 00| 0 eng d | ||
| 040 |
_aMACL _cMACL |
||
| 041 | _aHindi | ||
| 082 | _a891.432 | ||
| 100 |
_aडॉ शास्त्री, ओमप्रकाश _959747 |
||
| 245 |
_aअभिज्ञान शाकुन्तल _cडॉ ओमप्रकाश शास्त्री |
||
| 260 |
_bसर्वोदय साहित्य संस्थान _c2000 _aगाजियाबाद |
||
| 350 | _a150 | ||
| 650 |
_aLiteractuer _959748 |
||
| 942 |
_cHIN _k891.433/SHA/N _2ddc |
||
| 999 |
_c9291 _d9291 |
||